|
|
|
|
| LEADER |
00000nam a22000007a 4500 |
| 005 |
20201211231644.0 |
| 007 |
cr|||| |||| |
| 008 |
201211s2016 co |||||s|||| 00||0 spa d |
| 020 |
|
|
|a 978-958-781-266-4
|
| 035 |
|
|
|a 32366
|
| 040 |
|
|
|a vLex
|
| 090 |
|
|
|c 10948
|d 10948
|
| 100 |
1 |
|
|a Martn̕-Bar,̤ Ignacio
|
| 245 |
1 |
2 |
|a El realismo crt̕ico fundamentos y aplicaciones
|h [Recurso electrn̤ico] /
|c Ignacio Martn̕-Bar̤
|
| 256 |
|
|
|a Servicio en ln̕ea
|
| 260 |
|
|
|a Bogot:̀
|b Pontificia Universidad Javeriana,
|c 2016
|
| 300 |
|
|
|a 1 recurso electrn̤ico
|
| 500 |
|
|
|a Este libro ren︢e varios artc̕ulos de Ignacio Martn̕-Bar,̤ editados, introducidos y anotados por Mauricio Gaborit y Amalio Blanco. Esta seleccin̤ muestra cm̤o desde los primeros escritos del autor se observan algunos elementos ter̤icos del realismo crt̕ico y de la psicologa̕ de la liberacin̤, nociones que fue perfilando con mayor consistencia a travš de su sensibilizacin̤ con la realidad centroamericana y con los dil̀ogos que sostuvo con nuevas perspectivas ter̤icas.
|
| 506 |
1 |
|
|a Disponible solo en los productos indicados
|d vLex Global
|d vLex Global (Academic Edition, excluding Law Schools)
|d vLex Global (U.S. Academic Edition, Law Schools)
|d vLex Global (U.S. Academic Edition, excluding Law Schools)
|d vLex Global (Academic Edition, Law Schools)
|
| 650 |
0 |
4 |
|a Ciencias sociales
|z Colombia
|
| 650 |
0 |
4 |
|a Psicologa̕
|z Colombia
|
| 650 |
0 |
4 |
|a Humanidades
|z Colombia
|
| 740 |
0 |
|
|a vLex Libros (Servicio en ln̕ea)
|
| 856 |
4 |
0 |
|u http://vlex.com/source/realismo-critico-fundamentos-y-aplicaciones-32366
|z Acceso restringido
|
| 942 |
|
|
|c BOOK
|
| 999 |
0 |
|
|a Social Sciences
|
| 999 |
0 |
|
|a Psychology
|
| 999 |
0 |
|
|a Humanities
|